|
|
|
|
| LEADER |
01162nam a2200265 a 4500 |
| 001 |
c000311981 |
| 003 |
CARM |
| 005 |
00000000000000.0 |
| 008 |
830901s1967 enk 00110 eng d |
| 019 |
1 |
|
|a 2349654
|5 LACONCORD2021
|
| 035 |
|
|
|a (OCoLC)2093100
|5 LACONCORD2021
|
| 040 |
|
|
|a APLS
|c APLS
|
| 100 |
1 |
|
|a Payne, Ronald,
|d 1926-
|
| 245 |
1 |
0 |
|a Private spies /
|c Ronald Payne.
|
| 260 |
|
|
|a London [England] :
|b Arthur Barker,
|c 1967.
|
| 300 |
|
|
|a 222 p. ;
|c 23 cm.
|
| 500 |
|
|
|a Includes index.
|
| 653 |
|
|
|a British Secret Service -- Cyanamid Corporation -- Fox, Dr Sydney -- Japan -- Krupp, Alfred -- Maxim, Hiram -- Official Secrets Act -- Porcelain industry -- Rubber industry -- Security organisations -- Sharff, Nathan -- South America -- Submarines -- USSR -- Vickers, Inc. -- Zaharoff, Sir Basil.
|
| 650 |
|
0 |
|a Spies.
|
| 650 |
|
0 |
|a Secret service.
|
| 650 |
|
0 |
|a Industries
|x Security measures.
|
| 852 |
8 |
|
|b CARM
|h A3:AD38B0
|i B11465
|p 0474391
|f BK
|
| 082 |
0 |
6 |
|a 58.472
|
| 999 |
f |
f |
|i 50055452-e2ad-5f06-be6d-5686a106d76b
|s 47b998ee-0e6e-5ad9-8f76-8384eabbdfc3
|
| 952 |
f |
f |
|p Can circulate
|a CAVAL
|b CAVAL
|c CAVAL
|d CARM 1 Store
|e B11465
|f A3:AD38B0
|h Other scheme
|i book
|m 0474391
|